[Event "Werder IM-Turnier 2018"]
[Site "Bremen"]
[Date "2018.06.24"]
[Round "9"]
[White "Grabarczyk, Miroslaw"]
[Black "Grigorian, Spartak"]
[Result "1/2-1/2"]
[WhiteElo "2402"]
[BlackElo "2359"]
[Annotator "NA"]
[PlyCount "41"]
[EventDate "2018.06.23"]
[EventType "tourn"]
[EventCountry "GER"]
[SourceTitle "playchess.com"]
[Source "ChessBase"]
[SourceQuality "1"]
[TimeControl "40/5400+30:1800+30"]

1. d4 {[%emt 0:00:00]} Nf6 {[%emt 0:00:08]} 2. c4 {[%emt 0:00:00]} e6 {[%emt 0:00:04]} 3. Nf3 {[%emt 0:00:19]} d5 {[%emt 0:00:06]} 4. Nc3 {[%emt 0:02:57]} Bb4 {[%emt 0:00:26]} 5. cxd5 {[%emt 0:04:24]} exd5 {[%emt 0:00:05]} 6. Qa4+ {[%emt 0:00:23]} Nc6 {[%emt 0:00:03]} 7. Bg5 {[%emt 0:00:11]} h6 {[%emt 0:00:03]} 8. Bxf6 {[%emt 0:00:40]} Qxf6 {[%emt 0:00:02]} 9. e3 {[%emt 0:01:54]} O-O {[%emt 0:00:16]} 10. Be2 {[%emt 0:01:49]} a6 {[%emt 0:01:27]} 11. O-O {[%emt 0:02:47]} Be6 {[%emt 0:00:05]} 12. Rac1 {[%emt 0:10:58] LiveBook: 55 Games} Bd6 $11 {[%emt 0:28:45]} 13. Rfd1 {[%emt 0:09:23]} Ne7 {[%emt 0:10:48]} 14. Qc2 {[%emt 0:00:20]} Bf5 {[%emt 0:01:56]} 15. Qd2 {[%emt 0:01:51]} Rfe8 {[%emt 0:08:35]} 16. a3 {[%emt 0:02:24]} Rad8 {[%emt 0:02:11]} 17. b4 {[%emt 0:04:34]} Be4 {[%emt 0:07:58]} 18. Qe1 {[%emt 0:01:20]} Ng6 {[%emt 0:04:24]} 19. Nxe4 {[%emt 0:08:20]} Rxe4 {[%emt 0:00:27]} 20. g3 {[%emt 0:09:09]} Nf8 {[%emt 0:00:55]} 21. a4 {[%emt 0:01:47]} 1/2-1/2

[Event "Werder IM-Turnier 2018"]
[Site "Bremen"]
[Date "2018.06.24"]
[Round "9"]
[White "Skliarov, Viktor"]
[Black "Reuker, Jari"]
[Result "1/2-1/2"]
[WhiteElo "2359"]
[BlackElo "2389"]
[Annotator "ChessBase"]
[PlyCount "84"]
[EventDate "2018.06.23"]
[EventType "tourn"]
[EventCountry "GER"]
[SourceTitle "playchess.com"]
[Source "ChessBase"]
[SourceQuality "1"]
[TimeControl "40/5400+30:1800+30"]

1. e4 {[%emt 0:00:00]} e5 {[%emt 0:00:14]} 2. Nf3 {[%emt 0:00:00]} Nc6 {[%emt 0:00:06]} 3. Bb5 {[%emt 0:00:00]} a6 {[%emt 0:00:07]} 4. Bxc6 {[%emt 0:00:00]} dxc6 {[%emt 0:00:06]} 5. O-O {[%emt 0:00:00]} Qf6 {[%emt 0:01:01]} 6. d4 {[%emt 0:06:06]} exd4 {[%emt 0:00:06]} 7. Bg5 {[%emt 0:00:06]} Qd6 {[%emt 0:00:05]} 8. Nxd4 {[%emt 0:03:49]} Be7 {[%emt 0:00:06]} 9. Be3 {[%emt 0:02:53]} Nh6 {[%emt 0:03:03]} 10. h3 {[%emt 1:22:06]} g5 {[%emt 0:13:45]} 11. Qh5 {[%emt 0:03:38]} Qg6 {[%emt 0:03:24]} 12. Qxg6 {[%emt 0:02:20]} hxg6 {[%emt 0:00:28]} 13. f3 {[%emt 0:04:02]} Bd7 {[%emt 0:03:33]} 14. Nc3 {[%emt 0:00:45]} O-O-O {[%emt 0:00:44]} 15. Rad1 {[%emt 0:05:57]} b6 {[%emt 0:03:26]} 16. Bf2 {[%emt 0:27:12]} Rhe8 {[%emt 0:08:28]} 17. Rfe1 {[%emt 0:02:58]} Bd6 {[%emt 0:03:19]} 18. Nde2 {[%emt 0:01:40]} Kb7 {[%emt 0:05:33]} 19. Nc1 {[%emt 0:03:47]} f6 {[%emt 0:10:32]} 20. Nd3 {[%emt 0:32:17]} Nf7 {[%emt 0:00:55]} 21. Bd4 {[%emt 0:00:47]} Re6 {[%emt 0:41:59]} 22. Bxf6 {[%emt 0:06:04]} Rxf6 {[%emt 0:00:17]} 23. e5 {[%emt 0:24:06]} Re6 {[%emt 0:12:42]} 24. exd6 {[%emt 0:00:21]} cxd6 {[%emt 0:00:20]} 25. Rxe6 {[%emt 0:08:14]} Bxe6 {[%emt 0:00:02]} 26. Re1 {[%emt 0:00:06]} Re8 {[%emt 0:01:40]} 27. Kf2 {[%emt 0:01:27]} Kc7 {[%emt 0:01:00]} 28. b3 {[%emt 0:00:54]} d5 {[%emt 0:05:36]} 29. g4 {[%emt 0:01:18]} Kd6 {[%emt 0:01:27]} 30. Na4 {[%emt 0:00:11]} Rb8 {[%emt 0:00:48]} 31. Kg3 {[%emt 0:00:32]} c5 {[%emt 0:03:00]} 32. c3 {[%emt 0:04:54]} Bd7 {[%emt 0:01:37]} 33. Nab2 {[%emt 0:00:11]} a5 {[%emt 0:01:57]} 34. c4 {[%emt 0:03:49]} Re8 {[%emt 0:15:11]} 35. cxd5 {[%emt 0:02:24]} Rxe1 {[%emt 0:02:57]} 36. Nc4+ {[%emt 0:00:01]} Kxd5 {[%emt 0:00:11]} 37. Nxe1 {[%emt 0:00:03]} b5 {[%emt 0:03:23]} 38. Nxa5 {[%emt 0:00:16]} Kd4 {[%emt 0:01:21]} 39. f4 {[%emt 0:07:22]} gxf4+ {[%emt 0:01:04]} 40. Kxf4 {[%emt 0:00:06]} g5+ {[%emt 0:30:48]} 41. Kg3 {[%emt 0:35:29]} Ne5 {[%emt 0:00:00]} 42. a3 {[%emt 0:00:00]} Be6 {[%emt 0:01:41]} 1/2-1/2

[Event "Werder IM-Turnier 2018"]
[Site "Bremen"]
[Date "2018.06.24"]
[Round "9"]
[White "Osmanodja, Filiz"]
[Black "Molchanov, Oleksii"]
[Result "1/2-1/2"]
[WhiteElo "2352"]
[BlackElo "2350"]
[Annotator "ChessBase"]
[PlyCount "40"]
[EventDate "2018.06.23"]
[EventType "tourn"]
[EventCountry "GER"]
[SourceTitle "playchess.com"]
[Source "ChessBase"]
[SourceQuality "1"]
[TimeControl "40/5400+30:1800+30"]

1. e4 {[%emt 0:00:00]} e5 {[%emt 0:00:19]} 2. Nf3 {[%emt 0:00:00]} Nc6 {[%emt 0:00:14]} 3. Bb5 {[%emt 0:00:00]} Nf6 {[%emt 0:00:33]} 4. O-O {[%emt 0:00:13]} Nxe4 {[%emt 0:00:15]} 5. Re1 {[%emt 0:00:58]} Nd6 {[%emt 0:00:30]} 6. Nxe5 {[%emt 0:00:15]} Be7 {[%emt 0:00:53]} 7. Bf1 {[%emt 0:00:32]} Nxe5 {[%emt 0:00:16]} 8. Rxe5 {[%emt 0:00:06]} O-O {[%emt 0:01:06]} 9. d4 {[%emt 0:00:54]} Bf6 {[%emt 0:00:28]} 10. Re1 {[%emt 0:00:03]} Re8 {[%emt 0:08:02]} 11. c3 {[%emt 0:17:07]} Rxe1 {[%emt 0:00:58]} 12. Qxe1 {[%emt 0:00:02]} Qe8 {[%emt 0:00:11]} 13. Qxe8+ {[%emt 0:00:15]} Nxe8 {[%emt 0:00:06]} 14. Bf4 {[%emt 0:02:06]} d5 {[%emt 0:06:20]} 15. Nd2 {[%emt 0:00:39]} c6 {[%emt 0:00:21]} 16. Re1 {[%emt 0:00:45]} Bd7 {[%emt 0:02:36]} 17. Nf3 {[%emt 0:00:56]} g6 {[%emt 0:00:57]} 18. Bd3 {[%emt 0:02:15]} Ng7 {[%emt 0:00:42]} 19. Kf1 {[%emt 0:01:10]} Re8 {[%emt 0:00:32]} 20. Rxe8+ {[%emt 0:00:50]} Nxe8 {[%emt 0:00:12]} 1/2-1/2

[Event "Werder IM-Turnier 2018"]
[Site "Bremen"]
[Date "2018.06.24"]
[Round "9"]
[White "Charmeteau, Sven"]
[Black "Kardoeus, David"]
[Result "1-0"]
[WhiteElo "2287"]
[BlackElo "2226"]
[Annotator "NA"]
[PlyCount "95"]
[EventDate "2018.06.23"]
[EventType "tourn"]
[EventCountry "GER"]
[SourceTitle "playchess.com"]
[Source "ChessBase"]
[SourceQuality "1"]
[TimeControl "40/5400+30:1800+30"]

1. e4 {[%emt 0:00:00]} c5 {[%emt 0:36:12]} 2. Nf3 {[%emt 0:00:00]} d6 {[%emt 0:00:23]} 3. d4 {[%emt 0:00:00]} cxd4 {[%emt 0:00:06]} 4. Nxd4 {[%emt 0:00:00]} Nf6 {[%emt 0:00:08]} 5. Nc3 $11 {[%emt 0:00:00] LiveBook: 98473 Games} a6 {[%emt 0:00:08]} 6. Bg5 {[%emt 0:00:01]} Nbd7 {[%emt 0:00:16]} 7. Qe2 {[%emt 0:01:31]} h6 {[%emt 0:01:23]} 8. Bh4 {[%emt 0:00:34]} g6 {[%emt 0:00:08]} 9. f4 {[%emt 0:16:55]} e5 {[%emt 0:09:10]} 10. O-O-O {[%emt 0:02:53]} exd4 {[%emt 0:10:43]} 11. e5 {[%emt 0:01:10]} dxc3 {[%emt 0:00:48]} 12. exf6+ {[%emt 0:00:27]} Ne5 {[%emt 0:00:18]} 13. fxe5 {[%emt 0:01:00]} Be6 {[%emt 0:03:47]} 14. Be1 {[%emt 0:21:58]} Qa5 {[%emt 0:07:12]} 15. Bxc3 {[%emt 0:01:28]} Qxa2 {[%emt 0:00:09]} 16. Rd4 {[%emt 0:11:34]} h5 {[%emt 0:05:31]} 17. Kd2 {[%emt 0:00:51]} Bh6+ {[%emt 0:01:52]} 18. Ke1 {[%emt 0:00:12]} dxe5 {[%emt 0:01:21]} 19. Re4 {[%emt 0:01:40]} Rd8 {[%emt 0:00:54]} 20. Kf2 {[%emt 0:02:29]} O-O {[%emt 0:01:43]} 21. h3 {[%emt 0:01:01]} Bg5 {[%emt 0:00:44]} 22. b3 {[%emt 0:01:49]} Rc8 {[%emt 0:01:17]} 23. Ra4 {[%emt 0:00:52]} Qxa4 {[%emt 0:00:31]} 24. bxa4 {[%emt 0:00:06]} Rxc3 {[%emt 0:00:17]} 25. Qxe5 {[%emt 0:03:26]} Bh4+ {[%emt 0:02:07]} 26. Kg1 {[%emt 0:00:27]} Rfc8 {[%emt 0:02:24]} 27. Bd3 {[%emt 0:00:33]} R8c5 {[%emt 0:02:44]} 28. Qd4 {[%emt 0:01:33]} Bg5 {[%emt 0:01:42]} 29. Kh2 {[%emt 0:00:06]} Rc8 {[%emt 0:07:47]} 30. h4 {[%emt 0:00:15]} Bh6 {[%emt 0:00:06]} 31. Rb1 {[%emt 0:00:25]} R3c7 {[%emt 0:00:45]} 32. Qe5 {[%emt 0:02:22]} Rc5 {[%emt 0:00:09]} 33. Qg3 {[%emt 0:00:51]} Bf5 {[%emt 0:00:36]} 34. Rxb7 {[%emt 0:13:49]} Bxd3 {[%emt 0:00:07]} 35. Qxd3 {[%emt 0:00:17]} Bf4+ {[%emt 0:00:13]} 36. Kg1 {[%emt 0:00:17]} Rxc2 {[%emt 0:00:40]} 37. Rb3 {[%emt 0:06:02]} Rd2 {[%emt 0:01:12]} 38. Qf1 {[%emt 0:00:11]} Be5 {[%emt 0:01:55]} 39. Rd3 {[%emt 0:00:11]} Rdc2 {[%emt 0:00:50]} 40. Rd1 {[%emt 0:00:34]} Ra2 {[%emt 0:31:13]} 41. Qxa6 {[%emt 0:31:09]} Rcc2 {[%emt 0:00:00]} 42. Qa8+ {[%emt 0:00:00]} Kh7 {[%emt 0:00:00]} 43. Qd5 {[%emt 0:00:00]} Rxg2+ {[%emt 0:00:00]} 44. Qxg2 {[%emt 0:00:00]} Rxg2+ {[%emt 0:00:00]} 45. Kxg2 {[%emt 0:00:00]} Bxf6 {[%emt 0:00:00]} 46. a5 {[%emt 0:00:00]} Bxh4 {[%emt 0:00:00]} 47. a6 {[%emt 0:00:00]} Bf2 {[%emt 0:00:00]} 48. Kxf2 {[%emt 0:00:00]} 1-0